Mikä toimenpide? - Statistics

Yleistilastot
  • Tätä visaa on pelattu 39 kertaa
  • Keskiarvotulos 5 / 19
Vastaustilastot
Hint Vastaus % Oikein
Ekg Sydänfilmi
78%
Ultraäänitutkimus
69%
Biopsia Kudos- tai solunäytteen ottaminen
47%
Mri Magneettikuvaus
38%
Mammografia Rintojen röntgenkuvaus
38%
TT kuvaus Tietokonetomografia
38%
Eeg Aivosähkökäyrätutkimus
28%
Kolonoskopia Paksusuolen tähystys
28%
Likvor Aivo-selkäydinneste
22%
Prick testi Ihopistokoe
16%
Gastroskopia Mahalaukun tähystys
16%
Enmg Ääreishermostotutkimus
13%
Bronkoskopia Keuhkoputkien tähystys
13%
Angiografiatutkimus Verisuonten varjoainekuvaus
13%
ECT-hoito Aivojen sähköhoito
9%
Spirometria Keuhkojen toimintakoe
9%
Pet-kuvaus Isotooppikuvausmenetelmä
3%
ONB Ohutneulabiopsia
3%
Nipt-tutkimus Raskausajan seulontatutkimus
3%
Ehtoja vastaavia visoja ei löytynyt
Tulosjakauma
Jokaisen tuloksen saaneiden osuus
Persentiili vastausten määrän mukaan
Tuloshistoriasi
Et ole pelannut tätä visaa